000 00632nam a2200193Ia 4500
003 GCL
008 140319s9999 xx 000 0 ara d
020 _a9127369957
040 _aGCL /
_cGCL
082 0 4 _aط
_b813.02
_bع ق
100 1 _aعلى البتيرى
245 1 0 _aقصص نوادر جحا : جحا وحمار تيمور لنك /
_cعلى البتيرى
260 _aالاردن :
_bدار الاسراء للنشر والتوزيع ،
_c2006
300 _a16 ص ؛
_c32 سم
490 _aقصص نوادر جحا
_v0
650 0 4 _aالقصص القصيرة
650 0 4 _aقصص الاطفال
942 _2ddc
_cBK
999 _c10058
_d10058